|
|
|
|
| LEADER |
00000nam a2200000 a 4500 |
| 001 |
vtls010652993 |
| 003 |
SK-MaSNL |
| 005 |
20260512040408.0 |
| 007 |
co cg auuua |
| 008 |
160430s2014 xo | fs 000 0 slo |
| 015 |
|
|
|a SNBS2015
|
| 020 |
|
|
|a 9788081271168 (elektronická kniha)
|
| 040 |
|
|
|a SNK
|b slo
|c SNK
|e AACR2
|
| 041 |
0 |
|
|a slo
|
| 044 |
|
|
|a xo
|c SK
|
| 072 |
|
7 |
|a 070
|x Noviny. Tlač. Žurnalistika
|2 konspekt
|
| 072 |
|
7 |
|a 316.4/.7
|x Sociálne interakcie
|2 konspekt
|
| 080 |
|
|
|a 070
|2 2001
|
| 080 |
|
|
|a 316.772.4
|2 2001
|
| 080 |
|
|
|a 316.774
|2 2001
|
| 080 |
|
|
|a 659.443/.446
|2 2001
|
| 080 |
|
|
|a (062.552)
|2 2001
|
| 080 |
|
|
|a (0.034.44)
|2 2001
|
| 245 |
0 |
0 |
|a Žurnalistika, médiá, spoločnosť # 3-4
|h elektronický zdroj
|b zborník vedeckých príspevkov z teórie, výskumu a praxe žurnalistiky (masmediálnej komunikácie) s cielenými presahmi aj do iných spoločenskovedných disciplín
|c Miloš Horváth (ed.)
|
| 260 |
|
|
|a Bratislava
|b STIMUL
|c 2014
|
| 300 |
|
|
|a 1 elektronický optický disk (CD-ROM)
|b fareb.
|c 12 cm
|
| 500 |
|
|
|a Názov z titulnej obrazovky
|
| 504 |
|
|
|a Bibliogr. odkazy
|
| 516 |
|
|
|a Textový dokument (zborník), súbor vo formáte pdf
|
| 538 |
|
|
|a Technické požiadavky: PDF prehliadač
|
| 650 |
0 |
7 |
|a žurnalistika
|2 SNKPH
|9 951
|
| 650 |
0 |
7 |
|a mediálna komunikácia
|2 SNKPH
|9 66486
|
| 650 |
0 |
7 |
|a médiá
|2 SNKPH
|9 1424
|
| 650 |
0 |
7 |
|a Journalism
|2 SNKPHeng
|9 270423
|
| 650 |
0 |
7 |
|a Communication in mass media
|2 SNKPHeng
|9 275986
|
| 650 |
0 |
7 |
|a médiá
|2 SNKPHeng
|9 1424
|
| 655 |
|
7 |
|a elektronické zdroje
|2 SNKPH
|9 90954
|
| 655 |
|
7 |
|a CD-ROM
|2 SNKPH
|9 70236
|
| 655 |
|
7 |
|a zborníky
|2 SNKPH
|9 70165
|
| 655 |
|
7 |
|a Papers of several authors
|2 SNKPHeng
|9 153738
|
| 655 |
|
7 |
|a Electronic resources
|2 SNKPHeng
|9 175546
|
| 700 |
1 |
|
|a Horváth, Miloš,
|d 1981-
|4 edt
|9 52219
|
| 710 |
2 |
|
|a Univerzita Komenského v Bratislave.
|b Filozofická fakulta.
|b Katedra žurnalistiky
|4 pbl
|9 106400
|
| 919 |
|
|
|a 978-80-8127-116-8
|
| 958 |
|
|
|a NB
|
| 999 |
|
|
|c 669554
|d 671484
|
| 952 |
|
|
|a SNK
|b SNK
|y PREZ
|7 0
|p 17A1136473
|o snkSCDM 7100
|i snk2015/4419
|8 0
|0 0
|1 0
|4 0
|d 2015-02-09
|l 0
|r 2026-02-23 19:22:33
|w 2026-02-23
|
| 952 |
|
|
|t snkZUR 070
|a SNKMST
|b SNKMST
|y PREZ
|7 0
|p 17A1136474
|o snkSCDM 7100 D1
|i snk2015/4420
|8 0
|0 0
|1 0
|4 0
|d 2015-02-09
|l 0
|r 2025-08-12 00:00:00
|w 2026-02-23
|